| 000 | 00748cam a2200265 i 4500 | ||
|---|---|---|---|
| 001 | 16747 | ||
| 003 | DO-SdUEMH | ||
| 005 | 20251229165102.0 | ||
| 007 | ta | ||
| 008 | 211105s1968 xxua|||gr|||| 000 0 spa|d | ||
| 040 |
_aDO-SdUEMH _bspa _erda |
||
| 041 |
_aspa _heng |
||
| 082 | 1 | 4 |
_mCG _a291.24 LL791 _bL791e |
| 084 | _b08-01042 | ||
| 245 | 1 | 0 | _aLlegó a existir el hombre por evolución o por creación / |
| 260 | _c1968 | ||
| 264 | 0 | 1 |
_aEstados Unidos de América : _c1968 |
| 300 |
_a191 paginas : _bIlustraciones ; _c19 cm |
||
| 336 |
_2rdacontent _atexto _btxt |
||
| 337 |
_2rdamedia _asin mediación _bn |
||
| 338 |
_2rdacarrier _avolumen _bnc |
||
| 505 | _aBibliografías en pagina187-188-189-190-191 | ||
| 942 |
_2ddc _cBK _n0 |
||
| 999 |
_c16747 _d16747 |
||